Hay un País En el Mundo y otros Poemas / (Registro nro. 24159)

Detalles MARC
000 -LEADER
fixed length control field 01071nam a22002177a 4500
003 - CONTROL NUMBER IDENTIFIER
control field DO-CoUTE
005 - DATE AND TIME OF LATEST TRANSACTION
control field 20260501154030.0
008 - FIXED-LENGTH DATA ELEMENTS--GENERAL INFORMATION
fixed length control field 260501b dr ||||| |||| 00| 0 spa d
020 ## - INTERNATIONAL STANDARD BOOK NUMBER
International Standard Book Number 978-9945-639-42-1
040 ## - CATALOGING SOURCE
Original cataloging agency DO-CoUTE
Language of cataloging spa
Transcribing agency DO-CoUTE
082 ## - DEWEY DECIMAL CLASSIFICATION NUMBER
Classification number RD 861.44M671h
100 1# - MAIN ENTRY--PERSONAL NAME
Personal name Mir, Pedro
Relator term Autor
245 10 - TITLE STATEMENT
Title Hay un País En el Mundo y otros Poemas /
Statement of responsibility, etc. Pedro Mir
260 ## - PUBLICATION, DISTRIBUTION, ETC.
Place of publication, distribution, etc. Santo Domingo, República Dominicana ;
Name of publisher, distributor, etc. Infodosu,
Date of publication, distribution, etc. 2024
300 ## - PHYSICAL DESCRIPTION
Extent 117 Paginas :
Dimensions 23cm,
504 ## - BIBLIOGRAPHY, ETC. NOTE
Bibliography, etc. note Incluye referencia bibliográfica e índice.<br/><br/>
505 ## - FORMATTED CONTENTS NOTE
Formatted contents note Hay un poeta en el mundo llamado Pedro Mir | De sus primeros versos | Hay un país en el mundo | Si alguien quiere saber cuál es mi patria | Domini | Contracanto a Walt Whitman | Elegía deñ 14 de junio | Balada de exiliado | Al portaviones intrépido | Ni un paso atrás | Meditación a orillas de la tarde | Amén de mariposas | Concierto de esperanza para la mano izquierda | El huracán Neruda | A Julia sin lágrimas
650 #4 - SUBJECT ADDED ENTRY--TOPICAL TERM
Topical term or geographic name entry element Poesia
700 1# - ADDED ENTRY--PERSONAL NAME
Personal name Pedro Mir
Relator term Autor
942 ## - ADDED ENTRY ELEMENTS (KOHA)
Source of classification or shelving scheme Dewey Decimal Classification
Koha item type Libros
Existencias
Withdrawn status Lost status Source of classification or shelving scheme Damaged status Not for loan Collection code Home library Current library Shelving location Date acquired Inventory number Total Checkouts Full call number Barcode Date last seen Copy number Price effective from Koha item type
    Dewey Decimal Classification     Colección Dominicana Biblioteca UTECO Biblioteca UTECO En Estantería 05/01/2026 023956   RD 861.44M671h 023956 05/01/2026 Ej.1 05/01/2026 Libros
© 2021 Derechos Reservados UTECO - Teléfono: +1 809-585-2291 - Correo electrónico: biblioteca@uteco.edu.do​  
Código postal 43000 ​​
Dirección: Avenida Universitaria No. 100, 
Cotuí, Provincia Sánchez Ramírez, República Dominicana - RNC: 404-00059-6